LIBRARY & INFORMATION CENTRE, KCAET, TAVANUR

ONLINE PUBLIC ACCESS CATALOGUE (OPAC)

Applied entomology (Record no. 15389)

MARC details
000 -LEADER
fixed length control field 00301nam a22001337a 4500
020 ## - INTERNATIONAL STANDARD BOOK NUMBER
ISBN 9788183990394
082 ## - DEWEY DECIMAL CLASSIFICATION NUMBER
Classification number 595.7
Item number RED/AP
100 ## - MAIN ENTRY--AUTHOR NAME
Personal name Reddy, D. S
245 ## - TITLE STATEMENT
Title Applied entomology
250 ## - EDITION STATEMENT
Edition statement 2 /
260 ## - PUBLICATION, DISTRIBUTION, ETC. (IMPRINT)
Place of publication New Delhi
Name of publisher New Vishal Publications
Year of publication 2010
300 ## - PHYSICAL DESCRIPTION
Number of Pages 231
942 ## - ADDED ENTRY ELEMENTS (KOHA)
Koha item type Book Bank scheme for SC students
Holdings
Withdrawn status Lost status Damaged status Home library Current library Shelving location Date acquired Cost, normal purchase price Full call number Accession Number Koha item type
      KAUAET KAUAET Scheme 31/03/2018 185.00 595.7 RED/AP BB 497 Book Bank scheme for SC students
      KAUAET KAUAET Scheme 31/03/2018 185.00 595.7 RED/AP BB 498 Book Bank scheme for SC students
free website counter